| 000 | 01048nam a2200301 b 4500 | ||
|---|---|---|---|
| 001 | bimo0000479264 | ||
| 003 | AR-RoIUNI | ||
| 005 | 20160928104032.0 | ||
| 007 | ta | ||
| 008 | 960521s1995 sp | r ||1 ||spa d | ||
| 016 | 7 |
_abimoBNE19960162492 _2SpMaBN |
|
| 017 |
_aV 3369-1995 _bOficina Depósito Legal Valencia |
||
| 020 | _a8481910538 | ||
| 035 | _a(OCoLC)318239136 | ||
| 040 |
_aSpMaBN _bspa _cAR-RoIUNI |
||
| 041 | 1 |
_aspa _hita |
|
| 080 | _a141:159.9 | ||
| 100 | 1 |
_aAgamben, Giorgio _d1942- |
|
| 240 | 1 | 0 |
_aStanze _lEspañol |
| 245 | 1 | 0 |
_aEstancias : _bla palabra y el fantasma en la cultura occidental / _cGiorgio Agamben ; versión castellana de Tomás Segovia. |
| 260 |
_aValencia : _bPre-Textos, _c[1995]. |
||
| 300 |
_a282 p., [16] h. de lam. : _bil. ; _c19 cm |
||
| 500 | _aÍndice | ||
| 505 | 0 | _aPrimera parte: Los fantasmas de Eros -- Segunda parte: En el mundo de Odradek -- Tercera parte. La palabra y el fantasma -- Cuarta parte. La imagen perversa. | |
| 650 | 4 | _aPSICOLOGÍA | |
| 650 | 4 | _aFILOSOFÍA | |
| 942 |
_2cdu _cBK |
||
| 999 |
_c3333 _d3333 |
||